सिद्ध साहित्य (Record no. 165441)
| 000 -LEADER | |
|---|---|
| fixed length control field | 00832nam a2200193Ia 4500 |
| 003 - CONTROL NUMBER IDENTIFIER | |
| control field | LDD |
| 008 - FIXED-LENGTH DATA ELEMENTS--GENERAL INFORMATION | |
| fixed length control field | 190117s9999 xx 000 0 und d |
| 020 ## - INTERNATIONAL STANDARD BOOK NUMBER | |
| International Standard Book Number | 9789352210268 |
| Terms of availability | ₹700 |
| 040 ## - CATALOGING SOURCE | |
| Transcribing agency | LDD |
| 041 ## - LANGUAGE CODE | |
| Language code of text/sound track or separate title | hi |
| 082 ## - DEWEY DECIMAL CLASSIFICATION NUMBER | |
| Classification number | 8H0.109 भा6442सि |
| 100 ## - MAIN ENTRY--PERSONAL NAME | |
| Personal name | भारती, धर्मवीर |
| 245 #0 - TITLE STATEMENT | |
| Title | सिद्ध साहित्य |
| Remainder of title | वज्रयानी सिध्द-साहित्य का विस्तृत अध्ययन तथा नाथ और सन्त-परम्परा |
| Statement of responsibility, etc. | धर्मवीर भारती |
| 260 ## - PUBLICATION, DISTRIBUTION, ETC. | |
| Place of publication, distribution, etc. | इलाहबाद |
| Name of publisher, distributor, etc. | लोकभारती प्रकाशन |
| Date of publication, distribution, etc. | 2015 |
| 300 ## - PHYSICAL DESCRIPTION | |
| Extent | 415p. |
| 901 ## - LOCAL DATA ELEMENT A, LDA (RLIN) | |
| a | KGP |
| 904 ## - LOCAL DATA ELEMENT D, LDD (RLIN) | |
| a | Reqst by : jitendra kumar srivasta |
| 942 ## - ADDED ENTRY ELEMENTS (KOHA) | |
| Source of classification or shelving scheme | Dewey Decimal Classification |
| Koha item type | Hindi Books |
| Withdrawn status | Lost status | Source of classification or shelving scheme | Damaged status | Not for loan | Home library | Current library | Date acquired | Total Checkouts | Full call number | Barcode | Date last seen | Price effective from | Koha item type |
|---|---|---|---|---|---|---|---|---|---|---|---|---|---|
| No | Dewey Decimal Classification | Library and Documentation Division | Library and Documentation Division | 01/17/2019 | 8H0.109 भा6442सि | H019589 | 02/03/2026 | 01/17/2019 | Hindi Books |
